Statistics for Mustard Quiz

Click here to take the quiz!

General Stats

  • This quiz has been taken 43 times
  • The average score is 4 of 10

Answer Stats

HintAnswer% Correct
France
81%
French city that gave a name to a special type of mustardDijon
76%
Country producing the most mustard seedCanada
51%
Yellow color in mustard comes from this spiceTurmeric
46%
US state that has a mustard museumWisconsin
27%
^ The special ingredient in it is...White wine
22%
Mustard is a close relative to this vegetable familyCabbages
19%
Czech Republic
19%
Countries that consume the most mustard per capitaSlovakia
19%
Second biggest mustard seed producerNepal
5%

Score Distribution

Percentile by Number Answered

Percent of People with Each Score

Your Score History

You have not taken this quiz